000 00875nam a2200253Ia 4500
003 OSt
005 20220923224051.0
006 a|||||r|||| 00| 0
007 ta
008 220922b |||||||| |||| 00| 0 hin d
024 _a224,607
037 _cTextual
040 _aARTS
_cARTS
_bhin
041 _2hin
_ahin
082 _aO152,3:g, M4
100 _aमिश्र, रामदरश, संपा.
245 0 _aहिन्दी उपन्यास के सौ वर्ष
246 _aHindī upanyās ke sau varṣha
260 _aमहेसाना गुजरात
_b गिरनार प्रकाशन
_c1984
300 _a464पृ.
_ccm.
650 _aहिन्दी साहित्य
_9156264
942 _hO152,3:g, M4
_cTEXL
_2CC
999 _c368996
_d368996